000 00603cam a22002293a 4500
001 11195
003 PGUSA
005 20140828083234.0
008 040201s2004||||xxu|||||s|||||000 1 eng d
040 _aPGUSA
_beng
042 _adc
050 4 _aPS
100 1 _aBrand, Max,
_d1892-1944
245 1 0 _aAlcatraz
_h[electronic resource] /
_cMax Brand
260 _bProject Gutenberg,
_c2004
506 _aPublic domain in the USA.
516 _aElectronic text
653 _aHorses -- Fiction
830 0 _aProject Gutenberg
_v11195
856 4 0 _uhttp://www.gutenberg.org/ebooks/11195
942 _cEB
999 _c240450
_d240450